000 00395nam a2200157Ia 4500
008 230917s9999||||xx |||||||||||||| ||und||
040 _e30144
_aMAIN
041 _aEnglish
082 _a658.3 T738P
100 _aTripathi, P C
245 0 _aPersonnel management and industrial relations
250 _a13th ed.
260 _aNew Delhi
_bSultan Chand
_c1998
300 _a543 p.
942 _cBK
999 _c102633
_d102633